000 00753nmc a2200265 a 4500
003 AR-BaBNM
005 20251128211606.0
008 154120s2003 ||||||||||||||000 | spa||
020 _a84-493-1389-9
040 _cAR-BaBNM
100 1 _aGraeme Chalmers, F.
245 1 0 _aArte, educación y diversidad cultural
260 _aBarcelona
_bPaidós
_c2003
300 _a164 p.
490 0 _aArte y educación
_vv. 5
504 _aContiene referencias bibliográficas en p. 151-164
650 4 _aEDUCACION ARTISTICA
650 4 _aEDUCACION MULTICULTURAL
650 4 _aCURRICULO
653 _aDIVERSIDAD SOCIOCULTURAL
653 _aEDUCACION EN LA DIVERSIDAD
800 1 _aJuanola Terradellas, Roser
942 _cBK
998 _cmaria eugenia
999 _c20340
_d20340